000
00304nam a2200121Ia 4500
008
190216s9999||||xx |||||||||||||| ||und||
100
_a
Vimal D&Amp;&Amp;Malti Sahai
245
0
_a
Sholay A Cultural Reading
260
_b
Wiley Eastern Ltd
_c
1992
300
_a
131
650
_a
English Novel
942
_c
BK
999
_c
14106
_d
14106